Top 100 Girls Names of 2013 - Statistics

General Stats
  • This quiz has been taken 227 times
  • The average score is 40 of 100
Answer Stats
Hint Answer % Correct
36 Anna
85%
2 Emma
85%
46 Elizabeth
81%
9 Emily
81%
3 Olivia
80%
23 Hannah
77%
43 Sarah
77%
4 Isabella
76%
1 Sophia
76%
6 Ava
72%
33 Grace
71%
39 Sophie
70%
16 Charlotte
69%
10 Chloe
69%
7 Lily
68%
56 Victoria
68%
5 Mia
67%
18 Ella
65%
8 Zoe
64%
12 Madison
63%
90 Lauren
62%
14 Abigail
61%
77 Eva
61%
60 Maria
61%
74 Julia
60%
66 Samantha
60%
17 Amelia
59%
50 Lucy
56%
93 Bella
55%
71 Alexandra
53%
78 Alice
52%
41 Natalie
50%
80 Taylor
49%
57 Claire
48%
31 Evelyn
48%
38 Isabelle
48%
35 Ellie
47%
88 Katherine
46%
42 Leah
46%
70 Molly
46%
86 Alexis
45%
27 Aria
44%
95 Caroline
44%
91 Jasmine
44%
76 Ruby
43%
20 Avery
42%
72 Violet
41%
24 Addison
39%
49 Audrey
39%
54 Gabriella
39%
22 Hailey
38%
15 Aubrey
36%
26 Harper
36%
51 Maya
36%
58 Savannah
36%
52 Annabelle
35%
87 Kayla
35%
68 Alyssa
34%
40 Scarlett
34%
48 Kylie
32%
82 Penelope
32%
25 Riley
32%
65 Allison
31%
11 Layla
31%
29 Mackenzie
31%
34 Brooklyn
29%
100 Jordan
28%
47 Lillian
28%
44 Nora
28%
63 Stella
24%
21 Aaliyah
23%
28 Arianna
23%
45 Mila
23%
59 Peyton
23%
84 Bailey
22%
55 Elena
22%
19 Kaylee
22%
75 Sadie
22%
30 Lila
20%
37 Kaitlyn
19%
89 Sydney
17%
83 Camilla
16%
62 Kennedy
16%
13 Madelyn
16%
96 Vivian
16%
67 Keira
14%
53 Makayla
14%
98 Gianna
11%
64 Liliana
11%
94 Adeline
10%
97 Juliana
10%
73 Charlie
9%
79 Eliana
9%
92 London
9%
69 Reagan
8%
81 Callie
7%
99 Skyler
5%
32 Adalyn
3%
61 Alaina
2%
85 Kaelyn
1%
No matching quizzes found
Score Distribution
Percent of People with Each Score
Percentile by Number Answered
Your Score History
You have not taken this quiz